00675nam a2200145Ia 4500008004100000020001800041041000800059082001700067100002200084245032900106250000600435260003900441300001100480650003800491210716s2017 xx 000 0 und d a9781786464538 aeng a005.364 BERM aBertoli, Michele. aReact design patterns and best practices: build modular applications that are easy to scale using the most powerful components and design patterns that react can offer you right now.bBuild modular applications that are easy to scale using the most powerful components and design patterns that react can offer you right now. a1 aMumbaibPackt Publishing Ltdc2017 av, 302 aObject Oriented Analysis & Design